Britain in the sixties : The crown and the establishment

Đã lưu trong:
书目详细资料
主要作者: Martin, Kingsley
格式: 图书
语言:Undetermined
出版: London Penguin Books 1962
主题:
标签: 添加标签
没有标签, 成为第一个标记此记录!
Thư viện lưu trữ: Trung tâm Học liệu Trường Đại học Cần Thơ
LEADER 00586nam a2200217Ia 4500
001 CTU_82474
008 210402s9999 xx 000 0 und d
082 |a 942.085 
082 |b M379 
100 |a Martin, Kingsley 
245 0 |a Britain in the sixties : 
245 4 |b The crown and the establishment 
245 0 |c Kingsley Martin 
260 |a London 
260 |b Penguin Books 
260 |c 1962 
650 |a Great Britain 
650 |x Politics and government 
650 |y 1945-1964 
904 |i Tuyến, QHieu 
980 |a Trung tâm Học liệu Trường Đại học Cần Thơ